01385cam a22002535i 4500020001800000040000800018082002600026245008000052250001800132300005500150520061400205650002100819650002200840650002700862650001600889650001600905650002200921650003400943650002100977650003800998700002901036700003501065700003101100 a9783319114125 cDLC04a658 FAO 2017 C106 Or.00aEntrepreneurship in BRICS :bPolicy and Research to Support Entrepreneurs / a1st ed. 2015. a1 online resource (IX, 266 pages 50 illustrations) aThis book presents selected articles that discuss important issues related to entrepreneurship in Brazil, Russia, India and China as well as contributions from authors whose countries have a tradition on entrepreneurship support, such as Italy and the UK. The articles were presented and discussed in a conference on Entrepreneurship in Brazil in November 2013 organized by the Institute of Economics of the Federal University of Rio de Janeiro and IBMEC Business School. This book covers four essential themes: financing entrepreneurs, innovation environments, social entrepreneurship and e-entrepreneurship. 0aEconomic policy. 0aEntrepreneurship. 0aIndustrial management. 0aLeadership. 0aManagement.14aEntrepreneurship.24aBusiness Strategy/Leadership.24aEconomic Policy.24aInnovation/Technology Management.1 ade Jesus Melo, Leonardo.1 ade Magalhães Ozório, Luiz.1 aLèbre La Rovere, Renata.